00510nam a22001577a 450000500170000000800400001702000150005705000200007210000200009224500500011225000180016226000400018030000390022065000320025970000610029120150124125002.0130905t sp||||| |||| 00| 0 esp d a842062656204aB 783bB78 19901 aBruno, Giordano10aCábala del Caballo Pegaso /cGiordano Bruno aPrimera: 1990 aMadrid, España :bAlianza,c1990. a155 paginas,c20 X 13 centimetros 72LembaFilosofíaxHistoria1 aBruno, GiordanoeEdición y notas: Granada Miguel Angel